000 00969nam a22001817a 4500
008 100629s xxu||||| |||| 00| 0 ara d
082 _222
_a210.901
_bخ ا ن
100 1 _915417
_aخان ، محمد ظفر الله
245 _aالاسلام والإنسان المعاصر /
_cمحمد ظفر الله خان ؛ ترجمه وقدم له وعلق عليه محمد جلال شرف
260 _aبيروت :
_bدار النهضة العربية ،
_c1981.
300 _a314 ص :
_c24 سم.
504 _aيحتوي على إرجاعات ببليوجرافية
541 _aألف باء ؛
_cشراء ؛
650 _915419
_aالإسلام
_xتاريخ|عصر النبوة
700 _915421
_aشرف ، محمد جلال
_eترجمه وقدم له وعلق عليه
942 _2ddc
_cBB
999 _c14276
_d14276